| Tag |
First Indicator |
Second Indicator |
Subfields |
| LEADER |
00000cam a2200000Ii 4500 |
| 001 |
in00004580906 |
| 006 |
m o d |
| 007 |
cr |n||||||||| |
| 008 |
180706s2006 maua o 001 0 eng d |
| 005 |
20220613175742.9 |
| 020 |
|
|
|a 9780429066351
|q (e-book : PDF)
|
| 020 |
|
|
|z 9781138442351
|q (hardback)
|
| 020 |
|
|
|z 9781568812731
|q (paperback)
|
| 024 |
7 |
|
|a 10.1201/9781568814957
|2 doi
|
| 035 |
|
|
|a (OCoLC)560222485
|
| 035 |
|
|
|a 9780429066351
|
| 050 |
|
4 |
|a QA93
|b .R42 2006
|
| 082 |
0 |
4 |
|a 510
|b R353
|
| 100 |
1 |
|
|a Reid, Constance.,
|e author.
|
| 245 |
1 |
0 |
|a From zero to infinity :
|b what makes numbers interesting /
|c onstance Reid.
|
| 250 |
|
|
|a Fifth edition., 50th anniversary edition.
|
| 264 |
|
1 |
|a Wellesley, Mass. :
|b A.K. Peters,
|c 2006.
|
| 300 |
|
|
|a 1 online resource (viii, 306 pages)
|
| 336 |
|
|
|a text
|b txt
|2 rdacontent
|
| 337 |
|
|
|a computer
|b c
|2 rdamedia
|
| 338 |
|
|
|a online resource
|b cr
|2 rdacarrier
|
| 500 |
|
|
|a "The history, characteristics, and lore of the numbers we use every day"--Cover.
|
| 505 |
0 |
|
|a Zero -- One -- Two -- Three -- Four -- Five -- Six -- Seven -- Eight -- Nine -- Euler's number -- Aleph-zero.
|
| 650 |
|
0 |
|a Numerals.
|
| 650 |
|
0 |
|a Number theory.
|
| 655 |
|
7 |
|a Electronic books.
|2 local
|
| 710 |
1 |
|
|a Taylor & Francis.
|
| 730 |
0 |
|
|a MATHnetBASE.
|
| 776 |
0 |
8 |
|i Print version:
|z 9781138442351
|
| 856 |
4 |
0 |
|u http://proxy.library.tamu.edu/login?url=https://www.taylorfrancis.com/books/9781439881231
|z Connect to the full text of this electronic book
|t 0
|
| 999 |
f |
f |
|s 6b35cb6c-d01a-449c-b66c-d556f7e2c600
|i 6b35cb6c-d01a-449c-b66c-d556f7e2c600
|t 0
|
| 952 |
f |
f |
|a Texas A&M University
|b College Station
|c Electronic Resources
|d Available Online
|t 0
|e QA93 .R42 2006
|h Library of Congress classification
|
| 998 |
f |
f |
|a QA93 .R42 2006
|t 0
|l Available Online
|